| 000 | 01082 a2200265 4500 | ||
|---|---|---|---|
| 003 | Nust | ||
| 005 | 20170207154042.0 | ||
| 010 | _a 2006934325 | ||
| 020 | _a0446579912 | ||
| 020 | _a9780446579919 | ||
| 040 | _cNust | ||
| 245 | 0 | 4 |
_aThe 100 greatest leadership principles of all time -(E-BOOK) _cedited by Leslie Pockell with Adrienne Avila. |
| 246 | 3 | _aHundred greatest leadership principles of all time | |
| 246 | 3 | _aOne hundred greatest leadership principles of all time | |
| 250 | _a1st ed. | ||
| 260 |
_aNew York : _bWarner Business Books, _c2007. |
||
| 300 |
_aix, 110 p. ; _c19 cm. |
||
| 505 | _aPART 1 Intelligence (Page-1) PART 2 Trustworthiness (Page-23) PART 3 Humaneness (Page-45) PART 4 Courage (Page-67) PART 5 Discipline (Page-89) | ||
| 650 | 0 | _aLeadership | |
| 651 | _aE-BOOK | ||
| 700 | 1 | _aAvila, Adrienne. | |
| 700 | 1 | _aPockell, Leslie. | |
| 856 | 4 | 2 |
_3Contributor biographical information _uhttp://www.loc.gov/catdir/enhancements/fy0742/2006934325-b.html |
| 856 | 4 | 2 |
_3Publisher description _uhttp://www.loc.gov/catdir/enhancements/fy0654/2006934325-d.html |
| 942 |
_2ddc _cBK |
||
| 999 |
_c192708 _d192708 |
||